00557nam a22001697a 450000500170000001000130001702000230003003500130005308200100006610000170007624500560009325000280014926000370017727000540021430000440026850500750031220190325112655.0 aB-154827 a8121911400c150.00 aB-154827 a621.3 aTheraja,B.L. aA textbook of electrical technology /cB.L. Theraja a23rd thoroughly rev. ed aNew DelhibS.Chand c2004(repr.) a7361, Ram Nagar, bNew Delhie110055k23672080-81 aV.3(viii,1457-1824p.) :bill.c24cm(Hb) av.3-Transmission, distribution and utilization in S.I. system of units